Photographic chemistry /

Bibliographic Details
Main Author: Glafkides, Pierre, 1912-
Format: Book
Language:English
French
Published: London : Fountain Press, 1958.
Subjects:

MARC

Tag First Indicator Second Indicator Subfields
LEADER 00000cam a2200000 4500
001 in00000021958
005 20151007063816.0
008 730228s1958 enka 00000 eng u
010 |a  61040118  
035 |a (OCoLC)00566208 
035 |9 AAD8300AM 
040 |c WSU  |d TXA  |d UtOrBLW 
041 1 |a eng  |a fre 
049 |a TXAM  |v 1  |y 1958 [311073] 
090 |a TR210  |b .G553 
092 |a 771.5  |b G543p 
100 1 |a Glafkides, Pierre,  |d 1912- 
245 1 0 |a Photographic chemistry /  |c Translated from the French by Keith M. Hornsby with a foreword by L. P. Clerc. 
264 1 |a London :  |b Fountain Press,  |c 1958. 
300 |a  volumes :  |b illustrations 
336 |a text  |b txt  |2 rdacontent 
337 |a unmediated  |b n  |2 rdamedia 
338 |a volume  |b nc  |2 rdacarrier 
650 0 |a Photographic chemistry. 
999 |a MARS 
999 f f |s ec0602c4-ce77-38bb-aec1-7740c2df506e  |i ef88ebaf-4abf-3fb1-8557-c9b375de82e2  |t 0 
952 f f |p ric  |a Texas A&M University  |b Rellis Campus  |c Joint Library Facility  |d Remote Storage  |t 0  |e TR210 .G553  |h Library of Congress classification  |i unmediated -- volume  |m A14801161042 
998 f f |a TR210 .G553  |s v.1  |t 0  |l Remote Storage